Así habló Zarathustra

Uloženo v:
Podrobná bibliografie
Médium: Kniha
Jazyk:španělština
Vydáno: Barcelona RBA Coleccionables 1995
Edice:Historia de la Literatura
Témata:
Tagy: Přidat tag
Žádné tagy, Buďte první, kdo vytvoří štítek k tomuto záznamu!

MARC

LEADER 00000nam a2200000 a 4500
001 UCH8421
003 CL-VaPUC
008 091127e19950000SP |||||||||||||||||spa|d
020 |a 8447301176 Historia de la Literatura 
020 |a 8447303616 Así habló Zarathustra 
082 0 4 |a 193  |b NIE  |2 21 
245 1 0 |a Así habló Zarathustra 
300 |a 252 p 
942 |c BK 
945 |d 20091127 00:00:00 
260 |a Barcelona  |b RBA Coleccionables  |c 1995 
650 0 |a Filosofía alemana   |9 265002 
650 0 |a Antropología filosófica  |9 265842 
650 0 |a Nihilismo  |9 265670 
650 0 |a Ateísmo  |9 265671 
583 |a last modification  |c 20091127 00:00:00  |k Rodrigo Vera 
490 0 |a Historia de la Literatura 
999 |c 338635  |d 338633